000 00683nam a22002177a 4500
003 OSt
005 20260128093948.0
008 230622b ||||| |||| 00| 0 eng d
040 _cSSBUL
041 _ashan
082 _223
_a294.38241
100 0 _aဝေႃးလၶေႉ၊
_cၸဝ်ႈၸရေး။
_926509
245 1 0 _aၵျၢမ်းၼႄတၢင်းၼိပ်ႉပၢၼ်ႇ /
260 _c1962 ။
300 _a363 ၼႃႈ၊
_c24 ၸိၼ်ႇတီႇ။
500 _a S-SAT: Dr. Prof Sai Aung Tun
650 _aပုတ်ႉထၽႃႇသႃႇ - ၼိပ်ႉပၢၼ်ႇ
_926510
942 _cBK
942 _2ddc
942 _2ddc
999 _c26149
_d26149